Miasta z największą liczbą ludności w Niemczech - Statystyki

Ogólne statystyki
  • Ten quiz został rozwiązany 156 razy
  • Średni wynik to 8 z 10
Statystyki odpowiedzi
Miejsce Miasto Ludność % Poprawnych
1 Berlin 3 426 354
100%
3 Monachium 1 260 391
98%
2 Hamburg 1 739 117
93%
8 Dortmund 588 462
85%
4 Kolonia 963 395
85%
5 Frankfurt 650 000
82%
7 Stuttgart 589 793
67%
10 Brema 546 501
66%
9 Duesseldorf 573 057
57%
6 Essen 593 085
47%
Nie znaleziono quizów pasujących do podanych kryteriów
Rozkład punktacji
Procent ludzi z każdym wynikiem
Percentyl według liczby udzielonych odpowiedzi
Twoja historia wyników
Nie rozwiązałeś tego quizu